[Event "ACT-ch"]
[Site "Canberra"]
[Date "2016.02.14"]
[Round "4"]
[White "Tobler, Peter"]
[Black "Lee, Abigail"]
[Result "0-1"]
[WhiteElo "1046"]
[BlackElo "309"]
[PlyCount "32"]
[EventDate "2016.02.12"]
[EventType "swiss"]
[EventRounds "9"]
[EventCountry "AUS"]
[SourceTitle "CBM 171 Extra"]
[Source "ChessBase"]
[SourceDate "2016.04.26"]
[SourceVersion "1"]
[SourceVersionDate "2016.04.26"]
[SourceQuality "1"]

1. d4 d5 2. c4 dxc4 3. e4 Nf6 4. e5 Nd5 5. Bxc4 e6 6. Ne2 Nc6 7. Bb3 Bb4+ 8. Nbc3 0-0 9. a3 Bxc3+ 10. bxc3 f6 11. c4 Nb6 12. Bb2 fxe5 13. dxe5 Qg5 14. c5 Qxg2 15. Rg1 Qxf2+ 16. Kd2 Rd8+ 0-1